000 00395 a2200157 4500
001 154578
020 _a8531908019
040 _cEscola São Tomás de Aquino
100 _aQUEIROZ, Eça de
240 1 0 _aJosé Matias e outros contos
_lpor
245 1 0 _aJosé Matias e outros contos
300 _a79
362 0 _a2006
697 _aLiteraturas de línguas portuguesa e galega
942 _cBK
999 _c154578
_d154578